000 00561nam a2200181Ia 4500
001 17414
005 20260306171515.0
008 260306s9999||||xx |||||||||||||| ||und||
041 _aESP
082 _a657.92
_bA11
100 _aAbanto Bromley, Martha
_eAUT
245 0 _aContabilidad societaria. Reorganización de sociedades, fusión, escisión, liquidación:
_bOperaciones con los socios. Aportes, aumento y disminución de capital
260 _c2021
300 _a64 páginas :
_c24 cm.
650 _aGEN
654 _aCCO
942 _cLIB
_dJUS
_fJUS
_2ddc
_n
999 _c17414
_d17414